000 00741nam a2200253Ia 4500
003 OSt
005 20220925200823.0
006 a|||||r|||| 00| 0
007 ta
008 220923b |||||||| |||| 00| 0 eng d
037 _cGeneral Book
040 _aRTL
_cRTL
_beng
041 _2eng
_aeng
082 _aY72.211M.N8, M6
100 _aWalker Anthony R
_9257468
245 0 _aToda of South India
_b A new look
260 _aDelhi
_bHindustan Publishing
_c1986
300 _axix, 371p
_ccm.
490 _aStudies in Sociology and Social anthropology
500 _aBibiliography P 302-18
650 _aTribes
_940733
942 _hY72.211M.N8, M6
_cGB
_2CC
999 _c538001
_d538001